| 000 | 00774cam a22002417a 4500 | ||
|---|---|---|---|
| 001 | 15658230 | ||
| 005 | 20141204112045.0 | ||
| 008 | 090313s2008 xxkad fr 001 0 eng d | ||
| 010 | _a2009396275 | ||
| 020 | _a9781906403294 (pbk.) | ||
| 020 | _a1906403295 (pbk.) | ||
| 040 |
_aUKM _cUKM _dCDX _dBWKUK _dBWK _dDLC _dEG-ScBUE |
||
| 082 | 0 | 0 |
_a331.110688 _222 _bBAT |
| 100 | 1 |
_aBateson, Claire _936802 |
|
| 245 | 1 | 0 |
_aRetail financial services / _cClaire Bateson. |
| 260 |
_aLondon : _bGlobal Professional, _c2008. |
||
| 300 |
_axvi, 203 p. : _bcharts, tables ; _c24 cm. |
||
| 500 | _aIndex : p. 197-203. | ||
| 650 | 0 |
_aFinancial services industry _xCustomer services _936803 |
|
| 653 |
_bBUSADM _cDecember2014 |
||
| 655 |
_vreading book _934232 |
||
| 942 |
_2ddc _k331.110688 BAT |
||
| 999 |
_c18721 _d18693 |
||